Clash Royale Card elixir changes. - Statistics

General Stats
  • This quiz has been taken 74 times
    10 since last reset
  • The average score is 11 of 27
Answer Stats
Date Elixir Before Elixir After Rarity Type Answer % Correct
2/2/2016 6 3 Common Building Cannon
88%
23/3/2016 10 9 Rare Troop Three Musketeers
88%
2/2/2016 6 4 Common Building Mortar
75%
7/6/2021 2 1 Common Troop Fire Spirit
63%
7/12/2022 4 (1) 5 (1) Champion Troop Monk
63%
2/2/2016 8 7 Epic Troop P.E.K.K.A.
63%
6/5/2019 10 9 Rare Troop Three Musketeer
63%
4/4/2022 8 7 Epic Troop Electro Giant
50%
8/4/2022 4 (3) 4 (1) Champion Troop Mighty Miner
50%
9/2/2016 5 4 Rare Troop Musketeer
50%
4/2/2019 9 10 Rare Troop Three Musketeers
50%
4/10/2022 7 6 Rare Building Barbarian Hut
38%
5/5/2025 5 4 Rare Building Goblin Hut
38%
7/1/2019 3 1 Rare Spell Heal
38%
27/7/2018 6 8 Common Troop Royal Recruits
38%
3/12/2018 8 7 Common Troop Royal Recruits
38%
3/9/2018 3 2 Epic Spell Barbarian Barrel
25%
30/3/2021 3 2 Common Troop Bomber
25%
18/5/2016 5 4 Rare Building Furnace
25%
4/7/2016 4 3 Epic Spell Goblin Barrel
25%
19/9/2016 3 2 Epic Spell Rage
25%
7/10/2019 3 2 Epic Troop Wall Breakers
25%
6/8/2018 5 4 Rare Building Bomb tower
13%
24/8/2016 6 5 Epic Troop Bowler
13%
20/10/2016 4 3 Epic Troop Skeleton Army
13%
20/10/2016 5 6 Rare Building Elixir Collector
0%
2/9/2019 4 3 Legendary Troop Fisherman
0%
No matching quizzes found
Score Distribution
Percent of People with Each Score
Percentile by Number Answered
Your Score History
You have not taken this quiz since the last reset